• 首页
  • 本馆介绍
  • 公告通知
  • 最新文献
  • 馆藏检索
  • 电子资源
  • 读者导购
  • 参考咨询
  • 我的图书馆
  • 登录
  • 详细信息显示
  • 放入我的书架
  • 预约/预借图书
  • 作者相关作品
  • 分类相关作品
  • 丛书相关作品
  • 出版社相关作品

书目信息

  • 表格格式
  • 工作单格式
  • 卡片格式
题名:
自然科学基础
    
 
作者: 斯特拉勒 著 ;黄天祥 译
分册: 第三册   地学
出版信息: 北京   科学出版社  1984.5
页数: 352页
开本: 20cm
丛书名:
单 册:
中图分类: N43
科图分类:
主题词: 自然科学--教材
电子资源:
ISBN:
000 00629nam0 2200229 45
001 0312221749
005 20040518153303.6
010    @dCNY1.75
091    @a13031.2563
100    @a20031222d1984 km y0chiy0120 ea
101    @achi
105    @a z 000yy
200 1  @a自然科学基础@h第三册@i地学@AZi Ran Ke Xue Ji Chu@f(美)斯特拉勒著@F(Mei)Si Te La Le Zhu@g黄天祥等译
210    @a北京@c科学出版社@d1984.5
215    @a352页@d20cm
517    @a地学@ADi Xue
606 0  @a自然科学@x教材
690    @aN43@v3
701 0  @a斯特拉勒@4著
702 0  @a黄天祥@4译
801    @aCN@bTSTCL@c20031222
905    @dN43@e137:3@f1@b112503
    
    自然科学基础.第三册.地学/(美)斯特拉勒著/黄天祥等译.-北京:科学出版社,1984.5
    352页;20cm
    
    
    ISBN :CNY1.75
    
●
相关链接 在E读中查询图书 在五车中查询图书 在当当中查询图书 在豆瓣中查询图书


正题名:自然科学基础     索取号:N43/137:3         预约/预借

序号 登录号 条形码 馆藏地/架位号 状态 备注
1 0112503   000570466   第三借阅区/ [索取号:N43/137:3] 在馆    
2 0112504   202088917   第二样本阅览室/ [索取号:N43/137:3] 在馆    
唐山师范学院图书馆 欢迎您!
大连网信软件有限公司© 版权所有